000 00695nam a2200253Ia 4500
001 1025
003 GE_BSU
008 181216s||||||||xx |||||||||||||| ||und||
020 _a9785769570346
040 _cGE_BSU
080 _a574(075.8)
100 _aПрохоров,Б.Б.
245 _aЭкология человека.
245 _bУч-к для студ. по спец."Экология" и "Геоэкология
250 _a5-е изд.стереот.
260 _aМосква
260 _bАкадемия
260 _c2010
300 _a320стр.
541 _h40л.
653 _aЭкология
653 _aЭкология человека.
942 _cBK
999 _c35180
_d35180